| 000 | 02407nam0a2200349 4500 | ||
|---|---|---|---|
| 001 | RU\NLR\BIBL_A\022628057 | ||
| 005 | 20251126114913.0 | ||
| 010 |
_a978-5-8158-2436-2 _9200 |
||
| 021 |
_aRU _bКН-П-25-045385 _9КН-П-25-4409 |
||
| 035 | _a(NLR Aleph) 022628057 | ||
| 090 |
_a13470025 _c13470025 |
||
| 100 | _a20250922d2025 u y0rusy50 ca | ||
| 101 | 0 | _arus | |
| 102 | _aRU | ||
| 105 | _aa j 000yy | ||
| 181 | 0 |
_ai3 _baxxe |
|
| 182 | 0 | _an | |
| 200 | 1 |
_aЛесоустройство _eучебное пособие _eдля использования в учебном процессе при подготовке бакалавров по направлению 35.03.01 и магистров по направлению 35.04.01 "Лесное дело" _fЛ. В. Черных, Д. В. Черных, В. Л. Черных _gМинистерство науки и высшего образования Российской Федерации, Федеральное государственное бюджетное образовательное учреждение высшего образования "Поволжский государственный технологический университет" |
|
| 203 |
_aТекст _bвизуальный _cнепосредственный |
||
| 210 |
_aЙошкар-Ола _cПоволжский государственный технологический университет _d2025 |
||
| 215 |
_a153 с. _cил., табл. _d21 |
||
| 300 | _aНа 4-й с. обл. авт.: Л. В. Черных, канд. с.-х. наук, доц., Д. В. Черных, канд. с.-х. наук, доц., В. Л. Черных, д-р с.-х. наук, проф., почетн. работник ВПО РФ | ||
| 320 | _aБиблиогр.: с. 128-131 (38 назв.) | ||
| 606 | 1 |
_aЛесоустройство _jУчебные издания для высших учебных заведений _91085907 _3RU\NLR\AUTH\66106217 |
|
| 686 | 1 | _aП36я73 | |
| 700 | 1 |
_aЧерных _bЛ. В. _gЛеонид Валерьевич |
|
| 701 | 1 |
_7ca _8rus _aЧерных _bД. В. _cканд. с.-х. наук _gДмитрий Валерьевич _9185861 _3RU\NLR\AUTH\770185912 |
|
| 701 | 1 |
_aЧерных _bВ. Л. _gВалерий Леонидович |
|
| 942 | _cBOOK | ||
| 980 | _aNB | ||